Frequency synthesizer design toolkit : (Record no. 175677)

000 -LEADER
fixed length control field 01127 a2200229 4500
003 - CONTROL NUMBER IDENTIFIER
control field Nust
005 - DATE AND TIME OF LATEST TRANSACTION
control field 20251009183843.0
010 ## - LIBRARY OF CONGRESS CONTROL NUMBER
LC control number 94008155
020 ## - INTERNATIONAL STANDARD BOOK NUMBER
International Standard Book Number 0890064415 (pbk.)
040 ## - CATALOGING SOURCE
Transcribing agency Nust
082 00 - DEWEY DECIMAL CLASSIFICATION NUMBER
Classification number 621.3815,GRA
100 1# - MAIN ENTRY--PERSONAL NAME
Personal name Crawford, James A.
9 (RLIN) 73865
245 10 - TITLE STATEMENT
Title Frequency synthesizer design toolkit :
Remainder of title software and user's manual : version 1.0 /
Statement of responsibility, etc. James A. Crawford.
256 ## - COMPUTER FILE CHARACTERISTICS
Computer file characteristics Computer program.
260 ## - PUBLICATION, DISTRIBUTION, ETC.
Place of publication, distribution, etc. Boston :
Name of publisher, distributor, etc. Artech House,
Date of publication, distribution, etc. c1995.
300 ## - PHYSICAL DESCRIPTION
Extent vii, 87 p. :
Other physical details ill. ;
Dimensions 29 cm. +
Accompanying material 1 floppy disk (3 1/2 in.)
500 ## - GENERAL NOTE
General note Title from title screen.
520 ## - SUMMARY, ETC.
Summary, etc. A four program toolkit useful for creating a variety of components in general frequency synthesizer design. Includes programs for designing lumped-element LC bandpass filters, step-recovery diode frequency multipliers, resistive attenuators, and microstrip combline bandpass filters.
538 ## - SYSTEM DETAILS NOTE
System details note System requirements: IBM AT compatible; 640K; MS-DOS 3.1 or higher; 1 floppy disk drive; co-processor recommended; EGA adapter; color monitor recommended.
650 #0 - SUBJECT ADDED ENTRY--TOPICAL TERM
Topical term or geographic name entry element Frequency synthesizers
General subdivision Software.
9 (RLIN) 131095
942 ## - ADDED ENTRY ELEMENTS (KOHA)
Koha item type Reference
Source of classification or shelving scheme
Holdings
Withdrawn status Lost status Source of classification or shelving scheme Damaged status Not for loan Permanent Location Current Location Shelving location Date acquired Full call number Barcode Date last seen Price effective from Koha item type Public note
          Military College of Signals (MCS) Military College of Signals (MCS) Reference 12/12/2016 621.3815,CRA MCS5571 12/08/2016 12/12/2016 Reference Almirah No.76, Shelf No.3
© 2023 Central Library, National University of Sciences and Technology. All Rights Reserved.